Countries by Largest Hotel - Statistics

General Stats
  • This quiz has been taken 40 times
  • The average score is 7 of 10
Answer Stats
Hotel Number of Rooms Country % Correct
The Londoner Macao 6,246 China
97%
The Venetian Resort Las Vegas 7,092 United States
97%
Shinagawa Prince Hotel 3,680 Japan
91%
Izmailovo Hotel 5,000 Russia
91%
Abraj Al Bait 5,383 Saudi Arabia
88%
Moon Palace Golf & Spa 3,407 Mexico
79%
Oasis Beach Hotel 2,628 Turkey
62%
First World Hotel & Plaza 7,351 Malaysia
59%
Ambassador City Jomtien 4,219 Thailand
53%
Atlantis Paradise Island 3,414 Bahamas
24%
No matching quizzes found
Score Distribution
Percent of People with Each Score
Percentile by Number Answered
Your Score History
You have not taken this quiz